[Event "beatus homo qui invenit sapentiam"]
[Site "SchemingMind.com"]
[Date "2008.08.30"]
[Round "-"]
[White "BlueMooner"]
[Black "jtaylor"]
[Result "1-0"]
[WhiteCountry "ENG"]
[BlackCountry "USA"]
[WhiteElo "1914"]
[WhiteRD "72"]
[BlackElo "1601"]
[BlackRD "55"]
[GameID "169096"]

1. e4 e5 2. Nf3 Nc6 3. d4 exd4 4. Bc4 Bc5 5. c3 Nf6 6. cxd4 Bb4+ 7. Bd2 Bxd2+ 8. Nbxd2 d5 9. exd5 Nxd5 10. Qb3 Na5
11. Qa4+ Nc6 12. Ne5 O-O 13. Bxd5 Qxd5 14. Nxc6 Re8+ 15. Ne5 Bd7 16. Qc4 Qxc4 17. Nxc4 f6 18. O-O-O fxe5 19. Nxe5 Rad8 20. Rhe1 Be6
21. b3 Bd5 22. f3 g6 23. Kc2 Kg7 24. Kc3 Kf6 25. Ng4+ Kf5 26. Ne3+ Ke6 27. Nxd5+ Kxd5 28. Re5+ Kd6 29. Rde1 Rxe5 30. Rxe5 Rd7
31. h4 Re7 32. f4 Rxe5 33. dxe5+ Ke6 34. g4 h5 35. gxh5 gxh5 36. Kd4 c5+ 37. Kxc5
1-0

[Event "beatus homo qui invenit sapentiam"]
[Site "SchemingMind.com"]
[Date "2008.08.30"]
[Round "-"]
[White "BlueMooner"]
[Black "pedrinho"]
[Result "0-1"]
[WhiteCountry "ENG"]
[BlackCountry "GBR"]
[WhiteElo "1914"]
[WhiteRD "72"]
[BlackElo "1725"]
[BlackRD "87"]
[GameID "169097"]

1. e4 c5 2. Nf3 Nc6 3. d4 cxd4 4. Nxd4 Nf6 5. Nc3 e5 6. Ndb5 d6 7. Bg5 a6 8. Bxf6 gxf6 9. Na3 b5 10. Nd5 f5
11. c3 Bg7 12. exf5 Bxf5 13. Nc2 O-O 14. Nce3 Be6 15. g3 Qa5 16. Bg2 Rac8 17. O-O b4 18. Qh5 bxc3 19. bxc3 Qd8 20. Be4 h6
21. f4 f5 22. Nxf5 Bxf5 23. Bxf5 Rb8 24. Qg6 Ne7 25. Nxe7+ Qxe7 26. Qh7+ Kf7 27. fxe5 Ke8 28. Bg6+ Kd7 29. Bf5+ Kc6 30. Be4+ d5
31. Qg6+ Kc7 32. Bxd5 Qc5+ 33. Kg2 Qxd5+
0-1

[Event "beatus homo qui invenit sapentiam"]
[Site "SchemingMind.com"]
[Date "2008.08.30"]
[Round "-"]
[White "BlueMooner"]
[Black "Archon"]
[Result "1-0"]
[WhiteCountry "ENG"]
[BlackCountry "CAN"]
[WhiteElo "1920"]
[WhiteRD "71"]
[BlackElo "1718"]
[BlackRD "54"]
[GameID "169098"]

1. e4 d6 2. d4 Nf6 3. Nc3 g6 4. Nf3 Bg7 5. h3 O-O 6. Be3 a6 7. a4 a5 8. Be2 Nc6 9. O-O Nb4 10. Nd2 e5
11. f4 exd4 12. Bxd4 Nc6 13. Be3 Nd7 14. g4 Nc5 15. f5 Ne5 16. Nf3 Ncd7 17. g5 Nxf3+ 18. Bxf3 Be5 19. f6 h6 20. Nd5 Nxf6
21. Nxf6+ Bxf6 22. gxf6 Bxh3 23. Bg2 Bxg2 24. Kxg2 h5 25. Qd5 Qd7 26. Rf3 Qg4+ 27. Rg3 Qe2+ 28. Bf2 h4 29. Rxg6+ Kh7 30. Rg7+ Kh8
31. Re1
1-0

[Event "beatus homo qui invenit sapentiam"]
[Site "SchemingMind.com"]
[Date "2008.09.02"]
[Round "-"]
[White "BlueMooner"]
[Black "acbrasileiro"]
[Result "1-0"]
[WhiteCountry "ENG"]
[BlackCountry "BRA"]
[WhiteElo "1878"]
[WhiteRD "77"]
[BlackElo "1922"]
[BlackRD "77"]
[GameID "169099"]

1. e4 c5 2. Nf3 d6 3. d4 cxd4 4. Nxd4 Nf6 5. Nc3 a6 6. Bg5 e6 7. f4 Be7 8. Qf3 e5 9. fxe5 dxe5 10. Nf5 Bxf5
11. Qxf5 Nc6 12. Bxf6 Bxf6 13. Nd5 O-O 14. O-O-O Re8 15. h4 Nd4 16. Nxf6+ Qxf6 17. Qxf6 gxf6 18. c3 Rac8 19. Kb1 Ne6 20. g3 Nc5
21. Bh3 Rcd8 22. Bf5 h6 23. Kc2 Kf8 24. Rxd8 Rxd8 25. Rd1 Rxd1 26. Kxd1 Ke7 27. Kd2 Kd8 28. b3 a5 29. Ke3 Kc7 30. Bg4 Kd6
31. Be2 Ne6 32. Bc4 Ke7 33. Bd5 b5 34. b4 axb4 35. cxb4 Kd6 36. Bb3 Ke7= 37. a4 bxa4 38. Bxa4 Ng7 39. Kd3 f5 40. exf5 Nxf5
41. Ke4 Ke6 42. Bb3+ Kf6 43. g4 Nxh4 44. b5 Ke7 45. Bxf7 Kd6 46. Bd5 Ng6 47. b6 Ne7 48. b7 Kc7 49. Kxe5 Nxd5 50. Kxd5 Kxb7
51. Kd6 Kc8 52. Ke7
1-0

[Event "beatus homo qui invenit sapentiam"]
[Site "SchemingMind.com"]
[Date "2008.08.31"]
[Round "-"]
[White "BlueMooner"]
[Black "Schaakmaatje"]
[Result "1-0"]
[WhiteCountry "ENG"]
[BlackCountry "NED"]
[WhiteElo "1914"]
[WhiteRD "72"]
[BlackElo "1837"]
[BlackRD "46"]
[GameID "169100"]

1. e4 e5 2. Nf3 Nc6 3. d4 exd4 4. Bc4 Be7 5. c3 Nf6 6. e5 Ng4 7. cxd4 O-O 8. h3 d5 9. exd6 Bxd6 10. hxg4 Bxg4
11. Qc2 h6 12. Bxh6 Qf6 13. Bg5 Qf5 14. Bd3 Qe6+ 15. Kf1 g6 16. d5 Qxd5 17. Nc3 Qe6 18. Ne4 Bf5 19. Nf6+
1-0

[Event "beatus homo qui invenit sapentiam"]
[Site "SchemingMind.com"]
[Date "2008.08.31"]
[Round "-"]
[White "BlueMooner"]
[Black "tyler199"]
[Result "1-0"]
[WhiteCountry "ENG"]
[BlackCountry "CAN"]
[WhiteElo "1920"]
[WhiteRD "71"]
[BlackElo "1633"]
[BlackRD "53"]
[GameID "169101"]

1. e4 c6 2. d4 d5 3. exd5 cxd5 4. Bd3 Nc6 5. c3 Nf6 6. Bf4 Bg4 7. Qb3 Qd7 8. Nd2 e6 9. Ngf3 Bxf3 10. Nxf3 Be7
11. Ne5 Qc8 12. O-O Nxe5 13. Bxe5 O-O 14. Rae1 Nd7= 15. Bf4 Nb6 16. Qc2 h6 17. Re3 Nc4 18. Rh3
1-0

[Event "beatus homo qui invenit sapentiam"]
[Site "SchemingMind.com"]
[Date "2008.08.30"]
[Round "-"]
[White "jtaylor"]
[Black "BlueMooner"]
[Result "0-1"]
[WhiteCountry "USA"]
[BlackCountry "ENG"]
[WhiteElo "1601"]
[WhiteRD "55"]
[BlackElo "1914"]
[BlackRD "72"]
[GameID "169102"]

1. e4 c5 2. Nf3 Nc6 3. Bb5 Nf6 4. e5 Nd5 5. O-O Nc7 6. Bxc6 dxc6 7. h3 Bf5 8. d4 h6 9. c4 cxd4 10. Nxd4 Bh7
11. Qb3 Qxd4 12. Qxb7 Qb6
0-1

[Event "beatus homo qui invenit sapentiam"]
[Site "SchemingMind.com"]
[Date "2008.08.30"]
[Round "-"]
[White "pedrinho"]
[Black "BlueMooner"]
[Result "0-1"]
[WhiteCountry "GBR"]
[BlackCountry "ENG"]
[WhiteElo "1725"]
[WhiteRD "87"]
[BlackElo "1914"]
[BlackRD "72"]
[GameID "169103"]

1. d4 Nf6 2. Nf3 c5 3. e3 e6 4. b3 d5 5. Bb2 Nc6 6. a3 Bd6 7. Nbd2 O-O 8. Bd3 Qc7 9. e4 e5 10. exd5 Nxd4
11. Nxd4 exd4 12. O-O Bxh2+ 13. Kh1 Bg4 14. f3 Bh5 15. c3 Nxd5 16. cxd4 Ne3 17. Qb1 Qg3 18. Rg1 Bxg1 19. Qxg1 Qh4+ 20. Qh2 Qf2
21. Bxh7+ Kxh7 22. Qxh5+ Kg8 23. Rg1 Qxd2 24. Bc1 Qxd4 25. g4 Rfe8 26. Bxe3 Qxe3 27. Rg2 Qxf3 28. Kg1 Re1+ 29. Kh2 Re2
0-1

[Event "beatus homo qui invenit sapentiam"]
[Site "SchemingMind.com"]
[Date "2008.08.30"]
[Round "-"]
[White "Archon"]
[Black "BlueMooner"]
[Result "0-1"]
[WhiteCountry "CAN"]
[BlackCountry "ENG"]
[WhiteElo "1718"]
[WhiteRD "54"]
[BlackElo "1920"]
[BlackRD "71"]
[GameID "169104"]

1. Nf3 c5 2. c4 Nc6 3. g3 g6 4. Bg2 Bg7 5. Nc3 e5 6. a3 Nge7 7. Rb1 a5 8. b3 d6 9. O-O O-O 10. Bb2 Be6
11. e3 f5 12. Ne2 d5 13. d4 dxc4 14. bxc4 Bxc4 15. dxe5 Qxd1 16. Rfxd1 Bxe2 17. Rd7 Rab8 18. Ng5 Bc4 19. e6 Bxb2 20. Rxb2 Ba6
21. Rb6 Rfd8 22. Bxc6 Nxc6 23. Rxh7 Ne5 24. e7 Rd1+
0-1

[Event "beatus homo qui invenit sapentiam"]
[Site "SchemingMind.com"]
[Date "2008.09.02"]
[Round "-"]
[White "acbrasileiro"]
[Black "BlueMooner"]
[Result "1-0"]
[WhiteCountry "BRA"]
[BlackCountry "ENG"]
[WhiteElo "1964"]
[WhiteRD "88"]
[BlackElo "1848"]
[BlackRD "73"]
[GameID "169105"]

1. d4 Nf6 2. e3 c5 3. dxc5 Na6 4. Bxa6 Qa5+ 5. b4 Qxa6 6. Qd3 b6 7. b5 Qb7 8. Nf3 bxc5 9. a4 a6 10. c4 d5
11. Bb2 g6 12. Bxf6 exf6 13. Na3 Be6 14. O-O Rd8 15. cxd5 Qxd5 16. Qxd5 Bxd5 17. Nd2 axb5 18. axb5 Be7 19. Nac4 O-O 20. Ra7 Rfe8
21. Rb1 Bf8 22. h3 Re7 23. b6 Rb8 24. Rxe7 Bxe7 25. e4 Ba8 26. f3 f5 27. Na5 Bb7 28. Nxb7 Rxb7 29. Nc4 Bd8 30. exf5 gxf5=
31. Kf1 Kf8 32. Rb5 Be7 33. Na5 Rb8 34. b7 Bd6 35. Nc6
1-0

[Event "beatus homo qui invenit sapentiam"]
[Site "SchemingMind.com"]
[Date "2008.09.01"]
[Round "-"]
[White "Schaakmaatje"]
[Black "BlueMooner"]
[Result "1-0"]
[WhiteCountry "NED"]
[BlackCountry "ENG"]
[WhiteElo "1804"]
[WhiteRD "46"]
[BlackElo "1893"]
[BlackRD "71"]
[GameID "169106"]

1. d4 Nf6 2. Bg5 g6 3. Nc3 Bg7 4. e4 d6 5. Bd3 Nc6 6. Nce2 Nb4 7. a3 Nxd3+ 8. Qxd3 h6 9. Bd2 b6 10. Ng3 Bb7
11. Nf3 c6 12. O-O O-O 13. c3 a5 14. e5 Nd7 15. Rfe1 dxe5 16. dxe5 Nc5 17. Qc2 a4 18. Rad1 Qc7 19. Bc1 Nb3 20. Nf1 c5
21. N1d2 Nxc1 22. Qxc1 Bd5 23. Re3 Rad8 24. Rd3 Bxe5 25. Nxe5 Qxe5 26. Nc4 Qe4 27. Ne3 e6 28. c4
1-0

[Event "beatus homo qui invenit sapentiam"]
[Site "SchemingMind.com"]
[Date "2008.08.31"]
[Round "-"]
[White "tyler199"]
[Black "BlueMooner"]
[Result "0-1"]
[WhiteCountry "CAN"]
[BlackCountry "ENG"]
[WhiteElo "1633"]
[WhiteRD "53"]
[BlackElo "1920"]
[BlackRD "71"]
[GameID "169107"]

1. d4 Nf6 2. c4 c5 3. d5 b5 4. cxb5 a6 5. bxa6 g6 6. Nc3 Bxa6 7. e4 Bxf1 8. Kxf1 d6 9. g3 Bg7 10. Nf3 Nbd7
11. Be3 O-O 12. Kg2 Qa5 13. h3 Rfb8 14. Qc2= Ne8 15. Nd2 Nc7 16. a3 Nb5
0-1

[Event "beatus homo qui invenit sapentiam"]
[Site "SchemingMind.com"]
[Date "2008.08.30"]
[Round "-"]
[White "jnable"]
[Black "jtaylor"]
[Result "0-1"]
[WhiteCountry "PHI"]
[BlackCountry "USA"]
[WhiteElo "1781"]
[WhiteRD "75"]
[BlackElo "1638"]
[BlackRD "63"]
[GameID "169110"]

1. e4 e5 2. Nf3 Nc6 3. Bb5 a6 4. Ba4 Nf6 5. O-O Be7 6. Re1 b5 7. Bb3 O-O 8. c3 d6 9. h3 Na5 10. Bc2 c5
11. d4 Qc7 12. Nbd2 Nc6 13. d5 Nd8 14. Nf1 Ne8 15. g4 g6 16. Ng3 Ng7 17. Bh6 f6 18. Qd2 Nf7 19. Be3 Bd7 20. Nh2 Qc8
21. Rf1 f5 22. exf5 gxf5 23. Nxf5 Nxf5 24. gxf5 Bxf5 25. Bxf5 Qxf5 26. Ng4 Kh8 27. f4 Rg8 28. fxe5 Qh5 29. Qg2 Nxe5 30. Rf4 Rg6
31. Kf1 Rag8 32. Ke2 Nxg4 33. hxg4 Rxg4 34. Qf3 Qh2+ 35. Kd3 Rg3 36. Qe2 c4+ 37. Kd2 Rg2 38. Bd4+ R8g7 39. Bxg7+ Kg8 40. Re4 Bg5+
0-1

[Event "beatus homo qui invenit sapentiam"]
[Site "SchemingMind.com"]
[Date "2008.08.30"]
[Round "-"]
[White "jnable"]
[Black "pedrinho"]
[Result "0-1"]
[WhiteCountry "PHI"]
[BlackCountry "GBR"]
[WhiteElo "1747"]
[WhiteRD "77"]
[BlackElo "1749"]
[BlackRD "76"]
[GameID "169111"]

1. d4 Nf6 2. c4 c5 3. d5 b5 4. cxb5 a6 5. bxa6 g6 6. Nc3 Bxa6 7. e4 Bxf1 8. Kxf1 Bg7 9. e5 Ng8 10. Nf3 e6
11. Bg5 Qb6 12. Qc2 h6 13. Be3 Qa6+ 14. Kg1 Ne7 15. d6 Nec6 16. Bxc5 Nxe5 17. Nxe5 Bxe5 18. Ne4 Nc6 19. a3 O-O 20. Rf1 Bd4
21. Bxd4 Nxd4
0-1

[Event "beatus homo qui invenit sapentiam"]
[Site "SchemingMind.com"]
[Date "2008.08.30"]
[Round "-"]
[White "jnable"]
[Black "BlueMooner"]
[Result "1-0"]
[WhiteCountry "PHI"]
[BlackCountry "ENG"]
[WhiteElo "1793"]
[WhiteRD "77"]
[BlackElo "1893"]
[BlackRD "71"]
[GameID "169112"]

1. e4 c5 2. Nf3 g6 3. d4 cxd4 4. Qxd4 Nf6 5. e5 Nc6 6. Qc3 Nd5 7. Qb3 Nc7 8. Nc3 Bg7 9. Bf4 Ne6 10. Bg3 O-O
11. Be2 Qa5 12. Qb5 Qd8 13. O-O a6 14. Qd3 Qc7 15. Rfe1 Nxe5 16. Qe4 f5 17. Qd5 Nxf3+ 18. Bxf3 Qc6 19. Qb3 Qc5 20. Na4 Qb5
21. Qxb5 axb5 22. Nb6 Ra7 23. c3 f4 24. Bh4 g5 25. Bxg5 Nxg5 26. Rxe7 Nxf3+ 27. gxf3 Ra6 28. Nxd7 Rd8 29. Nc5 Bh3 30. Nxa6
1-0

[Event "beatus homo qui invenit sapentiam"]
[Site "SchemingMind.com"]
[Date "2008.08.30"]
[Round "-"]
[White "jnable"]
[Black "Archon"]
[Result "0-1"]
[WhiteCountry "PHI"]
[BlackCountry "CAN"]
[WhiteElo "1781"]
[WhiteRD "75"]
[BlackElo "1693"]
[BlackRD "57"]
[GameID "169113"]

1. e4 d6 2. d4 Nf6 3. Nc3 g6 4. Bc4 Bg7 5. f4 O-O 6. Nf3 Nxe4 7. Nxe4 d5 8. Ned2 dxc4 9. Nxc4 Bg4 10. O-O Bxf3
11. Rxf3 Qxd4+ 12. Qxd4 Bxd4+ 13. Kf1 Nc6 14. Be3 Rad8 15. Bxd4 Rxd4 16. b3 Rfd8 17. Re1 e6 18. a3 Rd1 19. Re3 Kg7 20. Re4 R1d4
21. c3 Rd3 22. R4e3 Kf8 23. Nb2 Rxe3 24. Rxe3 Ke7 25. Ke2 b6 26. Nc4 Rd5 27. Ne5 Nxe5 28. fxe5 f6 29. exf6+ Kxf6 30. Kf3 Kf5
31. g4+ Kf6 32. h4 c5 33. Kg3 e5 34. Kf3 Rd2 35. Kg3 Ke6 36. Rf3 e4 37. Rf4 Rd3+ 38. Kg2 e3 39. Kf3 Rxc3 40. Re4+ Kd5
41. Rxe3 Rxe3+ 42. Kxe3 c4 43. bxc4+ Kxc4 44. h5 gxh5 45. gxh5 b5 46. Kf4 a5 47. h6 b4
0-1

[Event "beatus homo qui invenit sapentiam"]
[Site "SchemingMind.com"]
[Date "2008.09.02"]
[Round "-"]
[White "jnable"]
[Black "acbrasileiro"]
[Result "0-1"]
[WhiteCountry "PHI"]
[BlackCountry "BRA"]
[WhiteElo "1758"]
[WhiteRD "83"]
[BlackElo "1922"]
[BlackRD "77"]
[GameID "169114"]

1. Nf3 d5 2. d4 Bf5 3. Nc3 e6 4. Bf4 Nf6 5. h3 h6 6. e3 Bb4 7. Bb5+ c6 8. Bd3 Bxd3 9. Qxd3 Ne4 10. O-O Nxc3
11. bxc3 Bd6 12. Bxd6 Qxd6 13. Rab1 Qc7 14. c4 dxc4 15. Qxc4 Nd7 16. Rb3 O-O 17. Rfb1 Rab8 18. e4 Rfc8 19. Rd1 Qf4 20. Qd3 Rd8
21. Qe2 Qc7 22. c4 c5 23. d5 exd5 24. exd5 Re8 25. Qc2 Qf4 26. Rdb1 b6 27. Qc1 Re4 28. Qxf4 Rxf4 29. Rc1 Re8 30. Re3 Kf8
31. Rxe8+ Kxe8 32. Kf1 Ke7 33. Ke2 Kd6 34. Ke3 g5 35. Nd2 b5 36. cxb5 Kxd5 37. Rd1 Rd4 38. Ke2 Ne5 39. Rc1 Rb4 40. Rb1 Rxb1
41. Nxb1 c4 42. Ke3 Nd3 43. Nc3+ Kc5 44. a3 Nf4 45. Kf3 Kd4 46. Ne2+ Nxe2 47. Kxe2 Kc5 48. a4 Kb4
0-1

[Event "beatus homo qui invenit sapentiam"]
[Site "SchemingMind.com"]
[Date "2008.08.31"]
[Round "-"]
[White "jnable"]
[Black "Schaakmaatje"]
[Result "0-1"]
[WhiteCountry "PHI"]
[BlackCountry "NED"]
[WhiteElo "1747"]
[WhiteRD "77"]
[BlackElo "1851"]
[BlackRD "48"]
[GameID "169115"]

1. e4 d6 2. d4 g6 3. f4 Bg7 4. Nf3 Nf6 5. Bd3 O-O 6. O-O c6 7. c4 Bg4 8. Be3 Nbd7 9. Nc3 e5 10. Qd2 Bxf3
11. Rxf3 Ng4 12. dxe5 dxe5 13. Rg3 Nxe3 14. Qxe3 exf4 15. Qxf4 Be5 16. Qg5 Bxg3 17. Qxg3 Qb6+ 18. Kf1 Qxb2 19. Qe1 Ne5 20. Be2 Qa3
21. Rc1 Rad8
0-1

[Event "beatus homo qui invenit sapentiam"]
[Site "SchemingMind.com"]
[Date "2008.08.31"]
[Round "-"]
[White "jnable"]
[Black "tyler199"]
[Result "1-0"]
[WhiteCountry "PHI"]
[BlackCountry "CAN"]
[WhiteElo "1747"]
[WhiteRD "77"]
[BlackElo "1633"]
[BlackRD "53"]
[GameID "169116"]

1. d4 Nf6 2. c4 g6 3. Nc3 d5 4. e3 c6 5. Nf3 Bg7 6. Be2 dxc4 7. Bxc4 Bg4 8. h3 Bxf3 9. Qxf3 e6 10. O-O Nbd7
11. e4 Nb6 12. Bb3 O-O 13. Be3 Rc8 14. Rad1
1-0

[Event "beatus homo qui invenit sapentiam"]
[Site "SchemingMind.com"]
[Date "2008.09.01"]
[Round "-"]
[White "jtaylor"]
[Black "jnable"]
[Result "1-0"]
[WhiteCountry "USA"]
[BlackCountry "PHI"]
[WhiteElo "1658"]
[WhiteRD "57"]
[BlackElo "1747"]
[BlackRD "77"]
[GameID "169117"]

1. e4 e5 2. Nf3 Nc6 3. Bb5 Nf6 4. O-O a6 5. Ba4 Be7 6. Re1 b5 7. Bb3 d6 8. c3 Bg4 9. h3 Bh5 10. d4 O-O
11. d5 Na5 12. Bc2 c5 13. dxc6 Nxc6 14. b4 Rc8 15. Nbd2 d5 16. exd5 Nxd5 17. Ne4 Qc7 18. Qxd5 Rfd8 19. Qb3 Bxf3 20. gxf3 h6
21. Qb1 Qd7 22. Kh2 Qf5 23. Rg1 Qxf3 24. Bxh6 Bf8 25. Rg3 Qe2 26. Bd1
1-0

[Event "beatus homo qui invenit sapentiam"]
[Site "SchemingMind.com"]
[Date "2008.09.01"]
[Round "-"]
[White "pedrinho"]
[Black "jnable"]
[Result "0-1"]
[WhiteCountry "GBR"]
[BlackCountry "PHI"]
[WhiteElo "1749"]
[WhiteRD "76"]
[BlackElo "1747"]
[BlackRD "77"]
[GameID "169118"]

1. d4 d5 2. Nf3 Nf6 3. e3 e6 4. b3 c5 5. Bb2 Nc6 6. a3 Be7 7. Nbd2 O-O 8. Bd3 b6 9. O-O Bb7 10. Ne5 Re8
11. f4 Nxe5 12. fxe5 Ne4 13. c4 f5 14. exf6 Nxf6 15. e4 dxe4 16. Be2 cxd4 17. b4 a5 18. Nb3 d3 19. Bh5 Rf8 20. Bxf6 Bxf6
21. Rc1 e3 22. c5 e2 23. Bxe2 dxe2 24. Qxe2 Qd5 25. Qc4 Qxg2#
0-1

[Event "beatus homo qui invenit sapentiam"]
[Site "SchemingMind.com"]
[Date "2008.09.01"]
[Round "-"]
[White "BlueMooner"]
[Black "jnable"]
[Result "1-0"]
[WhiteCountry "ENG"]
[BlackCountry "PHI"]
[WhiteElo "1920"]
[WhiteRD "71"]
[BlackElo "1747"]
[BlackRD "77"]
[GameID "169119"]

1. e4 c5 2. Nf3 Nc6 3. d4 cxd4 4. Nxd4 Nf6 5. Nc3 d6 6. Bg5 e6 7. f4 a6 8. e5 dxe5 9. fxe5 Qxd4 10. Qxd4 Nxd4
11. O-O-O Nc6 12. exf6 gxf6 13. Bxf6 Rg8 14. Be2 Bh6+ 15. Kb1 Bg5 16. Ne4
1-0

[Event "beatus homo qui invenit sapentiam"]
[Site "SchemingMind.com"]
[Date "2008.09.01"]
[Round "-"]
[White "Archon"]
[Black "jnable"]
[Result "0-1"]
[WhiteCountry "CAN"]
[BlackCountry "PHI"]
[WhiteElo "1693"]
[WhiteRD "57"]
[BlackElo "1781"]
[BlackRD "75"]
[GameID "169120"]

1. Nf3 d5 2. c4 Nf6 3. d4 e6 4. g3 c5 5. cxd5 Nxd5 6. Bg2 Nc6 7. O-O Be7 8. Nc3 cxd4 9. Nxd4 Nxd4 10. Nxd5 Nxe2+
11. Qxe2 exd5 12. b3 O-O 13. Bb2 Bf6 14. Rae1 Be6 15. Bxf6 Qxf6 16. Qd2 Rfd8 17. Rd1 Rab8 18. Qd4 Qxd4 19. Rxd4 Rd6 20. Rfd1 Rbd8
21. Kf1 Kf8 22. Ke2 Ke7 23. Ke3 f6 24. f4 Bf7 25. Rc1 R6d7 26. Bh3 Be6 27. Bg2 Rd6 28. Rc7+ R8d7 29. Rxd7+ Rxd7 30. Kd3 Kd6
31. Ke3 Rc7 32. Kd2 b5 33. Bf3 a5 34. a3 g6 35. Bg2 Rd7 36. Bf3 Kc5 37. Kc3 Rb7 38. b4+ axb4+ 39. axb4+ Kd6 40. Be2 Bf5
41. Bf1 Be4 42. Bd3 f5 43. Kb3 Kc6 44. Kc3 Ra7 45. Kb2 Ra4 46. Kb3 Ra1 47. Bc2 Rc1 48. Rd2 Bxc2+ 49. Rxc2+ Rxc2 50. Kxc2 d4
51. Kd2 Kd5 52. Kd3 h6 53. h3 g5 54. fxg5 hxg5 55. h4 f4 56. gxf4 gxh4 57. f5 h3 58. f6 Ke6
0-1

[Event "beatus homo qui invenit sapentiam"]
[Site "SchemingMind.com"]
[Date "2008.09.03"]
[Round "-"]
[White "acbrasileiro"]
[Black "jnable"]
[Result "1-0"]
[WhiteCountry "BRA"]
[BlackCountry "PHI"]
[WhiteElo "1922"]
[WhiteRD "93"]
[BlackElo "1793"]
[BlackRD "77"]
[GameID "169121"]

1. b3 e5 2. Bb2 Nc6 3. e3 d5 4. Nf3 Bd6 5. Bb5 Qe7 6. c4 dxc4 7. bxc4 Bd7 8. O-O f5 9. Nc3 Nf6 10. Na4 a6
11. Bxc6 Bxc6 12. c5 Bxc5 13. Nxc5 Qxc5 14. Nxe5 Bb5 15. Re1 O-O 16. a4 Be8 17. d4 Qd5 18. Ba3 Rf7 19. Nxf7 Kxf7 20. Rb1 Bc6
21. Qb3 Ne4 22. Qxd5+ Bxd5 23. Rbc1 c6 24. a5 Nd6 25. Bxd6
1-0

[Event "beatus homo qui invenit sapentiam"]
[Site "SchemingMind.com"]
[Date "2008.09.01"]
[Round "-"]
[White "Schaakmaatje"]
[Black "jnable"]
[Result "0-1"]
[WhiteCountry "NED"]
[BlackCountry "PHI"]
[WhiteElo "1804"]
[WhiteRD "46"]
[BlackElo "1793"]
[BlackRD "77"]
[GameID "169122"]

1. e4 e6 2. Nf3 d5 3. exd5 exd5 4. d4 Nf6 5. Bd3 Bg4 6. Bf4 Bd6 7. Bxd6 Qxd6 8. Nbd2 O-O 9. O-O Nbd7 10. c3 c5
11. Qc2 Rac8 12. Bf5 cxd4 13. Nxd4 Bxf5 14. Nxf5 Qf4 15. Ne7+ Kh8 16. Nxc8 Ng4 17. Nf3 Nde5 18. g3 Qxf3 19. Ne7 Qf6 20. Nf5 g6
21. Nd4 h5 22. h3 Nh6 23. f4 Nc4 24. Rae1 Nd6 25. Re5 Ne4 26. Qd3 Rd8 27. Kg2 a6 28. Nf3 Qb6 29. b3 Nf5 30. Nd4 Nfxg3
31. Ne2 Nxf1 32. Kxf1 Qf2#
0-1

[Event "beatus homo qui invenit sapentiam"]
[Site "SchemingMind.com"]
[Date "2008.09.01"]
[Round "-"]
[White "tyler199"]
[Black "jnable"]
[Result "0-1"]
[WhiteCountry "CAN"]
[BlackCountry "PHI"]
[WhiteElo "1633"]
[WhiteRD "53"]
[BlackElo "1747"]
[BlackRD "77"]
[GameID "169123"]

1. d4 Nf6 2. c4 g6 3. Nc3 Bg7 4. e4 d6 5. Nf3 O-O 6. Be2 Nc6 7. d5 Nb4 8. a3 Na6 9. Qc2 c5 10. O-O Nc7
11. b4 cxb4 12. axb4 e6 13. Bd3 Bd7
0-1

[Event "beatus homo qui invenit sapentiam"]
[Site "SchemingMind.com"]
[Date "2008.08.31"]
[Round "-"]
[White "nimzoking"]
[Black "jtaylor"]
[Result "1-0"]
[WhiteCountry "ENG"]
[BlackCountry "USA"]
[WhiteElo "2155"]
[WhiteRD "74"]
[BlackElo "1601"]
[BlackRD "55"]
[GameID "169150"]

1. d4 Nf6 2. Bf4 g6 3. c3 Bg7 4. h3 O-O 5. Nf3 d6 6. e3 Nc6 7. Bc4 Be6 8. d5 Na5 9. dxe6 Nxc4 10. exf7+ Rxf7
11. Ng5 Rf8 12. Ne6 Qd7 13. Nxf8 Rxf8 14. Nd2 Nxb2 15. Qb3+ Nd5 16. Qxd5+ e6 17. Qxb7 Bxc3 18. O-O Nd3 19. Bh6 Rxf2 20. Qa8+
1-0

[Event "beatus homo qui invenit sapentiam"]
[Site "SchemingMind.com"]
[Date "2008.08.31"]
[Round "-"]
[White "nimzoking"]
[Black "BlueMooner"]
[Result "1-0"]
[WhiteCountry "ENG"]
[BlackCountry "ENG"]
[WhiteElo "2165"]
[WhiteRD "67"]
[BlackElo "1920"]
[BlackRD "71"]
[GameID "169152"]

1. d4 Nf6 2. Bf4 g6 3. Nf3 Bg7 4. e3 O-O 5. Be2 d6 6. O-O Nbd7 7. h3 Qe8 8. c4 e5 9. Bh2 Ne4 10. Nc3 Nxc3
11. bxc3 e4 12. Nd2 f5 13. c5 Nf6 14. cxd6 c6 15. Qb3+ Qf7 16. Be5 b5 17. a4 Be6 18. Qc2 Bc4 19. Nxc4 bxc4 20. Qa2
1-0

[Event "beatus homo qui invenit sapentiam"]
[Site "SchemingMind.com"]
[Date "2008.09.01"]
[Round "-"]
[White "nimzoking"]
[Black "Archon"]
[Result "1-0"]
[WhiteCountry "ENG"]
[BlackCountry "CAN"]
[WhiteElo "2165"]
[WhiteRD "67"]
[BlackElo "1718"]
[BlackRD "54"]
[GameID "169153"]

1. d4 d6 2. e4 Nf6 3. Nc3 g6 4. Bf4 a6 5. e5 Nfd7 6. Qd2 Bg7 7. Bh6 Bxh6 8. Qxh6 c5 9. exd6 cxd4 10. Qg7 Rf8
11. Qxd4 exd6 12. O-O-O Nc6 13. Qxd6 Qf6 14. Re1+ Ne7 15. Qg3 b5 16. Nd5
1-0

[Event "beatus homo qui invenit sapentiam"]
[Site "SchemingMind.com"]
[Date "2008.09.01"]
[Round "-"]
[White "nimzoking"]
[Black "jnable"]
[Result "1/2-1/2"]
[WhiteCountry "ENG"]
[BlackCountry "PHI"]
[WhiteElo "2164"]
[WhiteRD "76"]
[BlackElo "1781"]
[BlackRD "75"]
[GameID "169154"]

1. d4 Nf6 2. Bf4 d6 3. e3 g6 4. Nd2 Bg7 5. Be2 O-O 6. Ngf3 c5 7. c3 Nc6 8. O-O Nh5 9. Bg5 cxd4 10. Nxd4 Nf6
11. Qb3 Nxd4 12. exd4 b6 13. Bf3 Rb8 14. Rfe1 Bb7 15. Bxf6 Bxf6 16. Bxb7 Rxb7 17. Qd5 Qd7 18. Ne4 Bg7 19. Rad1 Rc7 20. Rd3 Qc6
21. Qb3 d5 22. Nd2 e6 23. Nf3 h6 24. Rde3 Qc4 25. Qxc4 Rxc4 26. Nd2 Rc7 27. f4 Bf6 28. Nf3 b5 29. a3 a5 30. Ne5 Bxe5
31. fxe5 Rfc8 32. Ra1=
1/2-1/2

[Event "beatus homo qui invenit sapentiam"]
[Site "SchemingMind.com"]
[Date "2008.09.02"]
[Round "-"]
[White "nimzoking"]
[Black "acbrasileiro"]
[Result "1-0"]
[WhiteCountry "ENG"]
[BlackCountry "BRA"]
[WhiteElo "2165"]
[WhiteRD "67"]
[BlackElo "1910"]
[BlackRD "93"]
[GameID "169155"]

1. d4 d5 2. Bf4 Bf5 3. e3 e6 4. Nf3 Nf6 5. Be2 c5 6. O-O c4 7. b3 b5 8. a4 Qa5 9. Nh4 Bg6 10. Nd2 Be7
11. axb5 Qxb5 12. bxc4 dxc4 13. Rb1 Bb4 14. Nxg6
1-0

[Event "beatus homo qui invenit sapentiam"]
[Site "SchemingMind.com"]
[Date "2008.08.31"]
[Round "-"]
[White "nimzoking"]
[Black "Schaakmaatje"]
[Result "1-0"]
[WhiteCountry "ENG"]
[BlackCountry "NED"]
[WhiteElo "2165"]
[WhiteRD "67"]
[BlackElo "1851"]
[BlackRD "48"]
[GameID "169156"]

1. d4 d5 2. Bf4 Bf5 3. e3 e6 4. Nf3 Bd6 5. Bxd6 Qxd6 6. c4 Nf6 7. Nc3 c6 8. cxd5 exd5 9. Bd3 Bxd3 10. Qxd3 Na6
11. Qf5 Nc7 12. O-O Ne6 13. Ne5 O-O 14. Rac1 Nc7 15. a3 Rae8 16. h3 Nd7 17. Nxd7
1-0